| 000 | 00000nam##2200000za#4500 |
| 001 | 9.699125 |
| 003 | CaOODSP |
| 005 | 20241203113638 |
| 007 | cr ||||||||||| |
| 008 | 150407|2000||||xxc|||||o f|0| 0 eng|d |
| 040 | |aCaOODSP|beng |
| 043 | |an-cn--- |
| 086 | 1 |aEn14-180/2000E-PDF |
| 110 | 1 |aCanada. |bEnvironment Canada. |
| 245 | 10|aFuture Canadian emission standards for vehicles and engines and standards for reformulation of petroleum-based fuels |h[electronic resource] |
| 260 | |aOttawa - Ontario : |bEnvironment Canada |c[2000]. |
| 300 | |a21p.|breferences, tables |
| 590 | |a14-21-Supp|b2014-12-11 |
| 690 | 07|aAtmospheric emissions|2gcpds |
| 690 | 07|aPetroleum|2gcpds |
| 775 | 08|tFutures normes Canadiennes visant les émissions des véhicules et des moteurs, ainsi que la reformulation des combustibles à base de pétrole : |w(CaOODSP)9.643203 |
| 856 | 40|ahttp://publications.gc.ca|qPDF|s143 KB|uhttps://publications.gc.ca/collections/collection_2014/ec/En14-180-2000-eng.pdf |